| 000 | 00842nam a2200205Ii 4500 | ||
|---|---|---|---|
| 003 | JO-AjNU | ||
| 008 | 230605s9999||||xx |||||||||||||| ||und|| | ||
| 040 |
_aJO-AjNU _bara _erda _cJO-AjNU |
||
| 041 | _aara | ||
| 050 | 1 | 4 | _aBP136.6.H3 1980 |
| 100 | 3 |
_aتاليف سعيد، همام عبد الرحيم, _eauthor _941089 |
|
| 245 | 0 | 0 | _aالعلل في الحديث: دراسة منهجية في ضوء شرح الترمذي لابن رجب الحنبلي مع ترجمة ضافية لابن رجب |
| 250 | _aط1 | ||
| 264 | 3 | 1 | _aعمان: المؤلف، 1980 |
| 300 | _a318ص | ||
| 336 |
_atext _btxt _2rdacontent |
||
| 337 |
_aunmediated _bn _2rdamedia |
||
| 338 |
_avolume _bnc _2rdacarrier |
||
| 650 | 4 |
_aالحديث المعلل -كتب العلل - الحديث - اسناد ضعبف -الحديث - سنن الترمذي - _941090 |
|
| 999 |
_aA17490 _c21058 _d21058 |
||